Library Banner

Fundamentals of research on culture and psychology (Record no. 83811)

MARC details
000 -LEADER
fixed length control field 00500nam a2200181Ia 4500
001 - CONTROL NUMBER
control field 71473
008 - FIXED-LENGTH DATA ELEMENTS--GENERAL INFORMATION
fixed length control field 160226s9999 xx 000 0 und d
020 ## - INTERNATIONAL STANDARD BOOK NUMBER
International Standard Book Number 9780415820325
040 ## - CATALOGING SOURCE
Transcribing agency PK-LaUMT
082 ## - DEWEY DECIMAL CLASSIFICATION NUMBER
Classification number 155.8201
Item number CHI-F
100 ## - MAIN ENTRY--PERSONAL NAME
Personal name Chirkov, Valery
245 ## - TITLE STATEMENT
Title Fundamentals of research on culture and psychology
Remainder of title theory and methods
Statement of responsibility, etc Chirkov, Valery
260 ## - PUBLICATION, DISTRIBUTION, ETC. (IMPRINT)
Place of publication, distribution, etc London,UK:
Name of publisher, distributor, etc Routledge,
Date of publication, distribution, etc 2016
300 ## - PHYSICAL DESCRIPTION
Extent 307 p.
546 ## - LANGUAGE NOTE
Language note EN
650 ## - SUBJECT ADDED ENTRY--TOPICAL TERM
Topical term or geographic name as entry element Ethnopsychology-Methodology
942 ## - ADDED ENTRY ELEMENTS (KOHA)
Koha item type Books
Holdings
Withdrawn status Lost status Damaged status Not for loan Home library Current library Date acquired Total Checkouts Full call number Barcode Date last seen Date checked out Price effective from Koha item type
        UMT Main Campus UMT Main Campus 2016-02-26 2 155.8201 CHI-F 97711 2018-02-23 2018-02-12 2016-02-26 Books